000
00284nam a22001337a 4500
008
181030b xxu||||| |||| 00| 0 eng d
020
_a
9780735537460
041
_a
eng
080
_2
3 ED
_a
341
100
_a
16
101
_a
JUR
245
_a
Evidence
_c
Mueller.K
942
_2
udc
_c
BK
999
_c
51161
_d
51161